000 00624nam a2200181Ia 4500
003 GCL
008 140319s9999 xx 000 0 ara d
040 _aGCL /
_cGCL
082 0 4 _aق
_b923.2
_bا ذ
100 1 _aاحمد حسنين القرنى
245 1 0 _aذكرى سعد: وحى الكتاب والخطاب والشعراء والصحف من الوفاة الى الاربعين /
_cاحمد حسنين القرنى
300 _a226 ص
490 _aفى سبيل الوطن
_v0
650 0 4 _aالسياسيون المصريون
650 0 4 _aسعد زغلول
650 0 4 _aمصر - تاريخ
942 _2ddc
_cBK
999 _c46225
_d46225